From Atom to Neno tech (Record no. 159106)

MARC details
000 -LEADER
fixed length control field 00720nam a22002297a 4500
005 - DATE AND TIME OF LATEST TRANSACTION
control field 20181203123241.0
006 - FIXED-LENGTH DATA ELEMENTS--ADDITIONAL MATERIAL CHARACTERISTICS--GENERAL INFORMATION
fixed length control field a|||||f|||| 00| 0
007 - PHYSICAL DESCRIPTION FIXED FIELD--GENERAL INFORMATION
fixed length control field tc
008 - FIXED-LENGTH DATA ELEMENTS--GENERAL INFORMATION
fixed length control field 180720b xxu||||| |||| 00| 0 eng d
010 ## - LCCN (DPL NO)
LC control number B-347979-B-347980
020 ## - INTERNATIONAL STANDARD BOOK NUMBER
Terms of availability 34.00
035 ## - SYSTEM CONTROL NUMBER
System control number B-347979
037 ## - SOURCE OF ACQUISITION
Source of stock number/acquisition A.I.C.B.
082 ## - DEWEY DECIMAL CLASSIFICATION NUMBER
Classification number 600
100 ## - MAIN ENTRY--PERSONAL NAME
Personal name Yadav, M.
245 ## - TITLE STATEMENT
Title From Atom to Neno tech
Statement of responsibility, etc by M. Yadav
260 ## - PUBLICATION, DISTRIBUTION, ETC. (IMPRINT)
Place of publication, distribution, etc Delhi
Name of publisher, distributor, etc A.C.I.B.
Date of publication, distribution, etc N.D.
270 ## - ADDRESS
Address Sector-5, Rohini,
City New Delhi
Postal code 110085
300 ## - PHYSICAL DESCRIPTION
Extent 2V.,various pages.
Dimensions 30cm(HB).
942 ## - ADDED ENTRY ELEMENTS (KOHA)
Source of classification or shelving scheme Dewey Decimal Classification
Item type Braille-Books-English
Classification part 600
Call number suffix YAD
Holdings
Withdrawn status Lost status Materials specified (bound volume or other part) Not for loan Collection code Home library Current library Date acquired Source of acquisition Cost, normal purchase price Full call number Barcode Copy number Koha item type
    V.- 1   Non-fiction Braille-Library Braille-Library 17/07/2009 2761/17-07-2009 34.00 600 YAD B-347979 1 Braille-Books-English
    V.- 2   Non-fiction Braille-Library Braille-Library 17/07/2009 2761/17-07-2009 34.00 600 YAD B-347980 1 Braille-Books-English

© Delhi Public Library
Hit Counter
free hit counter